| 000 | 00798cam a2200241 a 4500 | ||
|---|---|---|---|
| 001 | 000018697 | ||
| 005 | 20240226143822.0 | ||
| 008 | 720630s1969 sp 000 j spa d | ||
| 040 |
_aDO-SdBNP _bspa _cDLC _dBNPHU |
||
| 082 |
_a863.64 _bC174mi |
||
| 100 | 1 |
_aCamba, Julio, _d1882-1962 _93094 |
|
| 245 | 1 | 0 |
_aMis páginas mejores / _cJulio Camba. |
| 260 |
_aMadrid : _bGredos, _c1969. |
||
| 300 |
_a253 p. ; _c20 cm. |
||
| 490 | 1 |
_aBiblioteca románica hispánica. Antología hispánica _v6 |
|
| 650 | 4 |
_aCuentos españoles _93194 |
|
| 650 | 4 |
_aLiteratura española _xColección de escritos _940355 |
|
| 650 | 4 |
_aHumorismo español _922337 |
|
| 830 | 0 |
_aBiblioteca románica hispánica. Antología hispánica ; _v6 _939102 |
|
| 910 | _aCatalogación derivada / LC | ||
| 910 | _aWM | ||
| 049 | _aBNGR | ||
| 999 |
_c18217 _d18217 |
||